00293pab a2200121 454500008004000000100002400040245004700064260000900111300001100120362000800131650001600139773001600155180718b2002 xxu||||| |||| 00| 0 eng d aSahota, Avtar Singh aFood security for rural poor: an appraisal c2002 ap.4-9. aDec aFood supply aKurukshetra